Statistics for X-Men (2000) Quiz

Click here to take the quiz!

General Stats

  • This quiz has been taken 11 times
  • The average score is 7 of 10

Answer Stats

HintAnswer% Correct
Who is the main villain?Magneto
100%
What is Logan’s codename?Wolverine
80%
What is the name of the machine used to locate mutants?Cerebro
70%
Who is Cyclops’ love interest?Jean Grey
70%
Who does Magneto turn into a “mutant”?Senator Kelly
70%
What is the above’s team called?The Brotherhood
70%
Who is the first mutant shown?Rogue / Marie D’Acanto
60%
Who plays Professor X?Sir Patrick Stewart
60%
Complete the quote: What do they call you? _____?Wheels?
50%
Who plays Mystique?Rebecca Romjin
30%

Score Distribution

Percentile by Number Answered

Percent of People with Each Score

Your Score History

You have not taken this quiz